000 00235nam a2200097Ia 4500
001 1207554
005 20250827022828.0
008 250824s9999 xx 000 0 und d
245 0 _aKÜLHANBEYİ
_cHAKAN KAĞAN
260 _bKAPI YAYINLARI
999 _c1207554
_d1207554